Europa, génesis de una civilización / (Record no. 18419)

MARC details
000 -LEADER
campo de control de longitud fija 00904nam a2200289 i 4500
001 - NÚMERO DE CONTROL
campo de control 18419
003 - IDENTIFICADOR DE NÚMERO DE CONTROL
campo de control ES-MaACL
005 - FECHA Y HORA DE LA ÚLTIMA TRANSACCIÓN
campo de control 20250831063031.0
007 - CAMPO FIJO DE DESCRIPCIÓN FÍSICA--INFORMACIÓN GENERAL
campo de control de longitud fija t|
008 - DATOS DE LONGITUD FIJA--INFORMACIÓN GENERAL
campo de control de longitud fija 011107s2001 sp ||||1| spa d
020 ## - NÚMERO INTERNACIONAL ESTÁNDAR DEL LIBRO
Número Internacional Estándar del Libro 84-8432-252-1
080 ## - NÚMERO DE LA CLASIFICACIÓN DECIMAL UNIVERSAL
Número de la Clasificación Decimal Universal 940
100 1# - ENTRADA PRINCIPAL--NOMBRE DE PERSONA
Nombre de persona Febvre, Lucien,
Fechas asociadas al nombre 1878-1956
9 (RLIN) 49047
245 10 - MENCIÓN DEL TÍTULO
Título Europa, génesis de una civilización /
Mención de responsabilidad, etc. Lucien Febvre ; prólogo de Marc Ferro ; traducción castellana de Juan Vivanco.
260 ## - PUBLICACIÓN, DISTRIBUCIÓN, ETC.
Lugar de publicación, distribución, etc. Barcelona :
Nombre del editor, distribuidor, etc. Crítica,
Fecha de publicación, distribución, etc. [2001]
300 ## - DESCRIPCIÓN FÍSICA
Extensión 278 p. ;
Dimensiones 23 cm.
490 1# - MENCIÓN DE SERIE
Mención de serie Libros de historia (Crítica)
RLIN 242037
500 ## - NOTA GENERAL
Nota general Índices.
651 ## - PUNTO DE ACCESO ADICIONAL DE MATERIA--NOMBRE GEOGRÁFICO
Nombre geográfico Europa-
Subdivisión general Historia.
9 (RLIN) 8599
651 #4 - PUNTO DE ACCESO ADICIONAL DE MATERIA--NOMBRE GEOGRÁFICO
Nombre geográfico Europa-
Subdivisión general Civilización.
9 (RLIN) 8584
700 1# - ENTRADA AGREGADA--NOMBRE PERSONAL
Nombre de persona Ferro, Marc.
9 (RLIN) 50595
700 1# - ENTRADA AGREGADA--NOMBRE PERSONAL
Nombre de persona Vivanco, Juan.
9 (RLIN) 115540
830 #0 - PUNTO DE ACCESO ADICIONAL DE SERIE-TÍTULO UNIFORME
Título uniforme Libros de historia (Crítica)
9 (RLIN) 242037
852 ## - LOCALIZACIÓN
Ubicación ES-MaACL
Número de control de estantería L-25049
942 ## - ELEMENTOS DE ENTRADA SECUNDARIOS (KOHA)
Fuente del sistema de clasificación o colocación Clasificación decimal universal
Holdings
Estatus retirado Estado de pérdida Estado de daño No para préstamo Biblioteca de origen Biblioteca actual Ubicación en estantería Fecha de adquisición Fuente de adquisición Total de préstamos Signatura topográfica completa Código de barras Visto por última vez Precio de reemplazo Tipo de ítem Koha
        Biblioteca del Ateneo de Madrid Biblioteca del Ateneo de Madrid Depósito 2 17/01/2008     L-25049 1018845 23/02/2023 23/02/2023 Libro impreso